000 00609nam a2200181 a 4500
001 000016395
005 20240307073946.0
008 100304s1981 dr ac 001 0 spa d
040 _aDO-SdBNP
_bspa
_cBNPHU
082 _axxx
_bC117t
100 1 _aCabrera Zorrilla, Daniel
_936561
245 1 0 _a9 temas en defensa de la UASD y del país /
_cDaniel Cabrera Zorrilla.
246 1 2 _aNueve temas en defensa de la UASD y del país
260 _aSanto Domingo :
_bUASD
_fAlfa & Omega
_c1981.
300 _a81 p. :
_bil. ; retrs. ;
_c20 cm.
049 _aBNPD
710 1 _aUniversidad Autónoma de Santo Domingo
_972951
999 _c15930
_d15930